000 00331 a2200121 4500
001 ART_41396
005 20260410161754.0
008 260409a
245 1 0 _aSinceramiento fiscal
100 1 _aSimaro, Gustavo
700 1 _aTorchelli, Valeria
773 0 _tDoctrina tributaria
_g- NÂș 445 (abr. 2017)
_wREV4296
999 _c19963
_d19963